• 首页
  • 本馆介绍
  • 公告通知
  • 最新文献
  • 馆藏检索
  • 电子资源
  • 读者导购
  • 参考咨询
  • 我的图书馆
  • 登录
  • 详细信息显示
  • 放入我的书架
  • 预约/预借图书
  • 作者相关作品
  • 分类相关作品
  • 丛书相关作品
  • 出版社相关作品

书目信息

  • 表格格式
  • 工作单格式
  • 卡片格式
题名:
风景基础图案
    
 
作者: 夏克梁 , 林鬓 编著
分册: 5  
出版信息: 天津   天津人民美术出版社  2001
页数: 46页
开本: 29cm
丛书名: 绘画一点通
单 册:
中图分类: TU-856 , TU204 , J21-5
科图分类:
主题词: 建筑设计--环境设计--素描--技法(美术) , 建筑设计 , 环境设计 , 素描 , 技法(美术) , 绘画--技法(美术)
电子资源:
ISBN: 7-5305-1639-6
000 01161oam2 2200349 450
001 1572984238
005 20150130201802.53
010    @a7-5305-1639-6@dCNY13.80
100    @a20020222d2001 em y0chiy0110 ea
101 0  @achi
102    @aCN@b120000
105    @aa z 000yy
200 1  @a风景基础图案@Afeng jing ji chu tu an@9huan jing yi shu biao xian@h5@f林鬓编著@Flin bin bian zhu
210    @a天津@c天津人民美术出版社@d2001
215    @a46页@d29cm
225 2  @a绘画一点通@v6
314    @a夏克梁(1970~),生于浙江文成,中国美院艺术设计学院环艺系教师,中国水彩画协会会员。编著《环境艺术表现》。
330    @a本书包括:钢笔速写、线描;材质、单体练习;麦克笔、钢笔淡彩、彩铅;水粉喷绘;水彩渲染、透明水色等内容。
461  0 @12001 @a绘画一点通
606 0  @a建筑设计@x环境设计@x素描@x技法(美术)
606 0  @a建筑设计
606 0  @a环境设计
606 0  @a素描
606 0  @a技法(美术)
606 0  @a绘画@x技法(美术)
690    @aTU-856@v5
690    @aTU204@v5
690    @aJ21-5@v4
701  0 @a夏克梁@9xia ke liang@f(1970~)@4编著
701  0 @a林鬓@Alin bin@4编著
801  0 @aCN@bTSSF@c20150130
905    @aZUCC@dJ21-5@eJY144:5
    
    风景基础图案.5/林鬓编著.-天津:天津人民美术出版社,2001
    46页;29cm.-(绘画一点通;6)
    
    
    ISBN 7-5305-1639-6:CNY13.80
    本书包括:钢笔速写、线描;材质、单体练习;麦克笔、钢笔淡彩、彩铅;水粉喷绘;水彩渲染、透明水色等内容。
●
相关链接 在E读中查询图书 在五车中查询图书 在当当中查询图书 在豆瓣中查询图书


正题名:风景基础图案     索取号:J21-5/JY144:5         预约/预借

序号 登录号 条形码 馆藏地/架位号 状态 备注
1 7863051   278630518   学院路分馆/ [索取号:J21-5/JY144:5] 在馆    
唐山师范学院图书馆 欢迎您!
大连网信软件有限公司© 版权所有